• 首页
  • 本馆介绍
  • 公告通知
  • 最新文献
  • 馆藏检索
  • 电子资源
  • 读者导购
  • 参考咨询
  • 我的图书馆
  • 登录
  • 详细信息显示
  • 放入我的书架
  • 预约/预借图书
  • 作者相关作品
  • 分类相关作品
  • 丛书相关作品
  • 出版社相关作品

书目信息

  • 表格格式
  • 工作单格式
  • 卡片格式
题名:
认识论探索
    
 
作者: 齐振海 主编
分册:  
出版信息: 北京   北京师范大学出版社  2008
页数: 369页
开本: 24cm
丛书名:
单 册:
中图分类: B017
科图分类:
主题词: 认识论--研究 , 认识论
电子资源:
ISBN: 978-7-303-09196-6
000 00801nam0 2200253 45
001 1029858214
005 20100428141429.07
010    @a978-7-303-09196-6@dCNY38.50
100    @a20100420d2008 em y0chiy50 ea
101 0  @achi
102    @aCN@b110000
105    @ay z 000yy
106    @ar
200 1  @a认识论探索@ARen Shi Lun Tan Suo@f齐振海主编@FQi Zhen Hai Zhu Bian
210    @a北京@c北京师范大学出版社@d2008
215    @a369页@d24cm
300    @a京师哲学文库
330    @a本书共十章,包括认识论的研究对象、方法和在马克思主义哲学中的地位,认识的主体和客体,认识工具,认识方法,经验认识和理论认识等内容。
606 0  @a认识论@x研究
606 0  @a认识论
690    @aB017@v4
701  0 @a齐振海@AQi Zhen Hai@4主编
801  0 @aCN@bTANGWEI@c20100428
905    @b0593223-27@dB017@e255@f5
    
    认识论探索/齐振海主编.-北京:北京师范大学出版社,2008
    369页;24cm
    京师哲学文库
    
    ISBN 978-7-303-09196-6:CNY38.50
    本书共十章,包括认识论的研究对象、方法和在马克思主义哲学中的地位,认识的主体和客体,认识工具,认识方法,经验认识和理论认识等内容。
●
相关链接 在E读中查询图书 在五车中查询图书 在当当中查询图书 在豆瓣中查询图书


正题名:认识论探索     索取号:B017/255         预约/预借

序号 登录号 条形码 馆藏地/架位号 状态 备注
1 0593223   205932231   第一样本阅览室/ [索取号:B017/255] 在馆    
2 0593224   205932240   教育系资料室/ [索取号:B017/255] 在馆    
3 0593225   205932259   教育系资料室/ [索取号:B017/255] 在馆    
4 0593226   205932268   第一借阅区/ [索取号:B017/255] 在馆    
5 0593227   205932277   第一借阅区/ [索取号:B017/255] 在馆    
唐山师范学院图书馆 欢迎您!
大连网信软件有限公司© 版权所有